[Event "Open Vysočina 2017"]
[Site "Třebíč"]
[Date "2017.09.24"]
[Round "2"]
[White "Brasoy, Aksel"]
[Black "Piankov, Evgenij"]
[Result "1/2-1/2"]
[WhiteElo "1964"]
[BlackElo "2258"]
[PlyCount "118"]
[EventDate "2017.09.23"]

1. d4 {[%emt 0:00:00]} d5 {[%emt 0:00:00]} 2. c4 c6 3. Nf3 a6 4. e3 Nf6 5. Nc3
b5 6. b3 Bg4 7. Be2 e6 8. O-O Be7 9. h3 Bh5 10. Ne5 Bxe2 11. Qxe2 O-O 12. Bb2
Qb6 13. a4 bxc4 14. bxc4 Nbd7 15. Nxd7 Nxd7 16. Rab1 Qa5 17. c5 Bf6 18. Qc2 e5
19. Na2 Rfe8 20. Bc3 Qc7 21. Qd2 exd4 22. exd4 Re4 23. Rfe1 Rb8 24. Nb4 Qc8 25.
Qd3 a5 26. Nc2 Rxe1+ 27. Rxe1 Nf8 28. Bxa5 Ra8 29. Bd2 Rxa4 30. Ra1 Qa8 31.
Rxa4 Qxa4 32. Qc3 h5 33. g3 h4 34. g4 Ne6 35. Be3 Qa2 36. Nb4 Qa4 37. Kg2 Qb5
38. Qd2 Bd8 39. Nd3 Bc7 40. Bf4 Ba5 41. Qe3 Bc3 42. Be5 Qc4 43. Nf4 Bxd4 44.
Bxd4 Qxd4 45. Qxd4 Nxd4 46. Nd3 f6 47. f4 g6 48. Kf2 Kf7 49. Ke3 Nb3 50. Nb4
Na5 51. Nc2 Nb3 52. Nb4 Nxc5 53. Nxc6 Ke6 54. Nd4+ Kd6 55. Nf3 Ne6 56. Nxh4
Nxf4 57. Kxf4 g5+ 58. Kg3 gxh4+ 59. Kxh4 Ke5 1/2-1/2

[Event "Open Vysočina 2017"]
[Site "Třebíč"]
[Date "2017.09.24"]
[Round "2"]
[White "Bartos, Jan"]
[Black "Svizensky, Lubos"]
[Result "1-0"]
[WhiteElo "2209"]
[BlackElo "1976"]
[PlyCount "73"]
[EventDate "2017.09.23"]

1. d4 {[%emt 0:00:00]} Nf6 {[%emt 0:00:13]} 2. c4 c6 3. Bf4 Qb6 4. Qd2 d5 5. e3
Bf5 6. Nc3 e6 7. a3 Nbd7 8. Nf3 Be7 9. Be2 O-O 10. h3 Ne4 11. Nxe4 Bxe4 12. O-O
Nf6 13. Ne5 h6 14. b4 Qd8 15. c5 Nd7 16. b5 Nxe5 17. Bxe5 cxb5 18. Bxb5 f6 19.
Bg3 e5 20. Rfd1 Rc8 21. Rac1 exd4 22. Qxd4 Qa5 23. Qb4 Qd8 24. f3 Bg6 25. Rxd5
Rxc5 26. Rcxc5 Qb6 27. Bc7 Qe6 28. Qc3 Bf7 29. Bd7 Qa6 30. Ra5 Qe2 31. Rd2 Qe1+
32. Kh2 b6 33. Bg3 Bd6 34. Bxd6 bxa5 35. Bxf8 Kxf8 36. Qc8+ Ke7 37. Qc5+ 1-0

[Event "Open Vysočina 2017"]
[Site "Třebíč"]
[Date "2017.09.24"]
[Round "2"]
[White "Mezlik, Stanislav"]
[Black "Walek, Petr"]
[Result "0-1"]
[WhiteElo "1903"]
[BlackElo "2167"]
[PlyCount "118"]
[EventDate "2017.09.23"]

1. e4 c5 2. Nf3 g6 3. Nc3 Bg7 4. d4 cxd4 5. Nxd4 Nc6 6. Be3 Nf6 7. g3 d6 8.
Nde2 Ng4 9. Qc1 Nce5 10. Bg2 Nc4 11. Bd2 Qb6 12. O-O Qxb2 13. Qxb2 Nxb2 14. Nd5
Nc4 15. Bc3 Bxc3 16. Nexc3 Rb8 17. h3 Nge5 18. f4 Nc6 19. Rf2 e6 20. Re1 O-O
21. Ne3 N6a5 22. Nxc4 Nxc4 23. Bf1 Na3 24. Rd1 Rd8 25. Rfd2 Kf8 26. Nb5 Nxb5
27. Bxb5 Ke7 28. Bf1 b5 29. Kf2 Rb6 30. c4 bxc4 31. Bxc4 Rb4 32. Bd3 Bb7 33.
Rb1 Rxb1 34. Bxb1 f5 35. Ke3 fxe4 36. Rb2 Bc6 37. Bxe4 d5 38. Bd3 d4+ 39. Kd2
Kd6 40. Bc4 e5 41. Kd3 exf4 42. gxf4 Rf8 43. Rf2 Kc5 44. Be6 Bb5+ 45. Kd2 Rf6
46. Bg8 g5 47. f5 h5 48. Bh7 Bc4 49. Rg2 Ra6 50. Rxg5 Rxa2+ 51. Kc1 d3 52. f6+
Kd4 53. Bg8 Kc3 54. Kb1 Rb2+ 55. Ka1 Ra2+ 56. Kb1 Rb2+ 57. Ka1 Rf2 58. Bxc4
Rf1+ 59. Ka2 Kxc4 0-1

[Event "Open Vysočina 2017"]
[Site "Třebíč"]
[Date "2017.09.24"]
[Round "2"]
[White "Tesar, Jan"]
[Black "Svoboda, Ivo"]
[Result "1-0"]
[WhiteElo "2118"]
[BlackElo "1949"]
[PlyCount "41"]
[EventDate "2017.09.23"]

1. d4 Nf6 2. c4 e6 3. Nc3 Bb4 4. a3 Bxc3+ 5. bxc3 b6 6. f3 d5 7. cxd5 exd5 8.
e3 O-O 9. Bd3 Re8 10. Ne2 Bb7 11. O-O c5 12. Ng3 Nc6 13. Rb1 Qc7 14. Qd2 Rad8
15. Qf2 Na5 16. Nf5 Bc8 17. Qh4 Bxf5 18. Bxf5 Qe7 19. Bd3 c4 20. Bc2 Nd7 21.
Qxh7+ 1-0

[Event "Open Vysočina 2017"]
[Site "Třebíč"]
[Date "2017.09.24"]
[Round "2"]
[White "Kalveus, Jan"]
[Black "Leutwyler, Mathias"]
[Result "1-0"]
[WhiteElo "1867"]
[BlackElo "2103"]
[PlyCount "82"]
[EventDate "2017.09.23"]

1. d4 d5 2. c4 dxc4 3. Nc3 a6 4. g3 e5 5. d5 Nf6 6. Bg5 h6 7. Bxf6 Qxf6 8. Bg2
Bd6 9. Nf3 O-O 10. a4 Nd7 11. Nd2 Qe7 12. Nxc4 f5 13. Nxd6 cxd6 14. O-O Nf6 15.
e3 Bd7 16. Ra3 Rac8 17. Qb1 Rc7 18. Rc1 Qe8 19. Rd1 Qh5 20. Rd2 g5 21. Qd1 Qe8
22. Qb3 Qe7 23. Ra1 g4 24. Rc1 Rfc8 25. Rdc2 Be8 26. Ne2 Bf7 27. Rxc7 Rxc7 28.
Nc3 Kg7 29. Rd1 Rc6 30. Ne2 Qc7 31. Nc3 Bg8 32. e4 Bh7 33. exf5 Bxf5 34. Re1
Rc4 35. Qd1 Qb6 36. Qe2 Rb4 37. Nd1 Rxa4 38. Kh1 Qd4 39. Ne3 Bd3 40. Qd2 Ne4
41. Nf5+ Kf6 1-0

[Event "Open Vysočina 2017"]
[Site "Třebíč"]
[Date "2017.09.24"]
[Round "2"]
[White "Vincze, Roman"]
[Black "Pavlis, Jaromir"]
[Result "1/2-1/2"]
[WhiteElo "2099"]
[BlackElo "1879"]
[PlyCount "81"]
[EventDate "2017.09.23"]

1. d4 d5 2. Nf3 Nf6 3. Bg5 e6 4. e3 Be7 5. a3 h6 6. Bh4 Ne4 7. Bxe7 Qxe7 8.
Nbd2 Nxd2 9. Qxd2 Nd7 10. c4 dxc4 11. Bxc4 c6 12. O-O O-O 13. Rac1 b6 14. Rfd1
Bb7 15. Be2 Rad8 16. Qc2 c5 17. Qa4 a6 18. dxc5 Nxc5 19. Qb4 Bxf3 20. Bxf3 Qa7
21. Qc3 a5 22. b4 Rxd1+ 23. Rxd1 axb4 24. axb4 Nd7 25. h3 Nf6 26. Qc6 Rb8 27.
g4 b5 28. Rc1 Qb6 29. Qxb6 Rxb6 30. Rc8+ Kh7 31. Rc5 Ne8 32. e4 f6 33. e5 fxe5
34. Rxe5 Kg6 35. Be2 Nc7 36. Rc5 Na6 37. Rxb5 Rxb5 38. Bxb5 Nxb4 39. Kg2 Kf6
40. h4 g5 41. Kg3 1/2-1/2

[Event "Open Vysočina 2017"]
[Site "Třebíč"]
[Date "2017.09.24"]
[Round "2"]
[White "Tarimo, Didik Widiarso"]
[Black "Lampir, Tomas"]
[Result "0-1"]
[WhiteElo "1542"]
[BlackElo "2077"]
[PlyCount "94"]
[EventDate "2017.09.23"]

1. d4 {[%emt 0:00:00]} d5 2. Bf4 Nf6 3. Nf3 g6 4. e3 Bg7 5. Be2 O-O 6. h3 c5 7.
c3 Nc6 8. Nbd2 c4 9. O-O b5 10. b3 Bf5 11. g4 Bd7 12. bxc4 bxc4 13. Ne5 Ne8 14.
Nxc6 Bxc6 15. Bf3 Rc8 16. Qc2 Nd6 17. Rfe1 Qa5 18. Rab1 Rfe8 19. Rb4 e5 20. Bh2
Nb5 21. a4 exd4 22. Rxb5 Bxb5 23. exd4 Bd7 24. Nf1 Rc6 25. Ne3 Be6 26. Rb1 Rb6
27. Re1 Rc8 28. Ra1 Rb3 29. Nd1 Bxd4 30. Kg2 Bxc3 31. Nxc3 Qxc3 32. Qxc3 Rxc3
33. Be5 Rb3 34. Bd1 Rb7 35. Be2 Bd7 36. f3 Re8 37. f4 Rb2 38. Kf3 Rxe2 39. Kxe2
f6 40. Ke3 fxe5 41. fxe5 Rxe5+ 42. Kd4 Re2 43. Kxd5 c3 44. Kd4 c2 45. Kd3 Rh2
46. Kc3 Bxa4 47. Kb2 c1=Q+ 0-1

[Event "Open Vysočina 2017"]
[Site "Třebíč"]
[Date "2017.09.24"]
[Round "2"]
[White "Divis, Jan"]
[Black "Freeland, Alex"]
[Result "0-1"]
[WhiteElo "1570"]
[BlackElo "1988"]
[PlyCount "60"]
[EventDate "2017.09.23"]

1. d4 {[%emt 0:00:00]} e6 2. e4 d5 3. exd5 exd5 4. Nf3 Bd6 5. Be2 Nc6 6. c3
Nge7 7. Bg5 f6 8. Bh4 Be6 9. Bg3 Qd7 10. Bxd6 Qxd6 11. Nbd2 Ng6 12. g3 Bf5 13.
O-O O-O-O 14. Re1 h5 15. h4 Nge7 16. Nb3 Rdg8 17. Nc5 g5 18. Qa4 Bg4 19. hxg5
Kb8 20. Qb5 Nd8 21. Qb3 Nf5 22. Kg2 h4 23. gxh4 Bxf3+ 24. Bxf3 Nxh4+ 25. Kf1
Nxf3 26. Ke2 Nxe1 27. Rxe1 Re8+ 28. Kf1 Qh2 29. Qxd5 Qh3+ 30. Qg2 Rxe1+ 0-1

[Event "Open Vysočina 2017"]
[Site "Třebíč"]
[Date "2017.09.24"]
[Round "2"]
[White "Spanton, Tim R"]
[Black "Norlander, Svante"]
[Result "1-0"]
[WhiteElo "1858"]
[BlackElo "1583"]
[PlyCount "153"]
[EventDate "2017.09.23"]

1. e4 d5 2. exd5 Qxd5 3. Nc3 Qa5 4. d4 Bf5 5. Nf3 Nf6 6. Bc4 e6 7. Bd2 c6 8.
O-O Be7 9. Re1 Qc7 10. Qe2 Bxc2 11. Rac1 Bg6 12. g3 O-O 13. Bxe6 Bd6 14. Bb3
Qd8 15. Ne5 Nbd7 16. Bg5 Qa5 17. Nxg6 hxg6 18. h4 Rae8 19. Qd3 Rxe1+ 20. Rxe1
Nd5 21. Bd2 Nxc3 22. bxc3 Qf5 23. Qxf5 gxf5 24. Bg5 b6 25. Re3 f4 26. Bxf4 Bxf4
27. gxf4 Nf6 28. Re7 a5 29. Rc7 Nd5 30. Rxc6 Nxf4 31. Rxb6 Ne2+ 32. Kf1 Nxc3
33. Rc6 Ne4 34. f3 Nd2+ 35. Ke2 Nxb3 36. axb3 Rb8 37. Rc3 Rd8 38. Ke3 g6 39.
Ke4 Kg7 40. d5 Kf6 41. Rc6+ Ke7 42. Ke5 Rb8 43. d6+ Kd8 44. Rc7 Rxb3 45. Rxf7
Re3+ 46. Kd4 Re1 47. Rg7 a4 48. Rxg6 a3 49. Rg2 Kd7 50. Ra2 Kxd6 51. Rxa3 Rd1+
52. Ke3 Rh1 53. Ra4 Ke5 54. h5 Kf6 55. h6 Re1+ 56. Kf4 Re8 57. Ra6+ Kf7 58. Kf5
Re1 59. f4 Rh1 60. Ra7+ Kg8 61. Kg6 Rg1+ 62. Kf6 Kh8 63. Rg7 Ra1 64. Rg6 Ra6+
65. Kg5 Ra1 66. Re6 Rg1+ 67. Kf6 Kh7 68. Kf7 Rf1 69. Rf6 Rg1 70. f5 Rf1 71. Kf8
Rg1 72. Ra6 Rf1 73. f6 Kxh6 74. f7+ Kh7 75. Ra4 Re1 76. Rh4+ Kg6 77. Kg8 1-0

[Event "Open Vysočina 2017"]
[Site "Třebíč"]
[Date "2017.09.24"]
[Round "2"]
[White "Kovacs, Ivan"]
[Black "Aird, Ian"]
[Result "0-1"]
[WhiteElo "1552"]
[BlackElo "1809"]
[PlyCount "62"]
[EventDate "2017.09.23"]

1. d4 {[%emt 0:00:00]} e6 2. e3 Nf6 3. c4 d5 4. c5 e5 5. b3 c6 6. Bb2 Bf5 7.
Nf3 Nbd7 8. b4 exd4 9. Nxd4 Bg6 10. Bd3 Be7 11. Bxg6 hxg6 12. O-O Qc7 13. g3 b6
14. cxb6 axb6 15. a3 Ne5 16. Nd2 Qd7 17. N2f3 Nc4 18. Qc2 Rc8 19. Nd2 Qh3 20.
N4f3 Nxb2 21. Qxb2 Ng4 22. Qxg7 Bf6 23. Qxh8+ Bxh8 24. Rad1 f5 25. Nb3 Rc7 26.
Nbd4 Bxd4 27. exd4 Rh7 28. Rde1+ Kd7 29. Re2 Nxh2 30. Ne5+ Kc7 31. Rc1 Nf3+ 0-1

[Event "Open Vysočina 2017"]
[Site "Třebíč"]
[Date "2017.09.24"]
[Round "2"]
[White "Oburka, Vladislav"]
[Black "Palla, Ivan"]
[Result "1/2-1/2"]
[WhiteElo "1808"]
[BlackElo "1550"]
[PlyCount "76"]
[EventDate "2017.09.23"]

1. e4 {[%emt 0:00:00]} c5 2. c3 Nc6 3. d4 e6 4. Nf3 cxd4 5. cxd4 Nf6 6. Nc3 Bb4
7. Bd3 Qb6 8. Bc2 d5 9. e5 Ne4 10. Qd3 Qa5 11. Bd2 Nxd2 12. Nxd2 Bxc3 13. bxc3
Qc7 14. O-O b6 15. f4 Ne7 16. g4 Bd7 17. Rac1 a6 18. Bb3 b5 19. Rf3 Qb6 20. f5
Nc6 21. Kg2 Rc8 22. Rff1 Na5 23. Qf3 Nc4 24. Nxc4 dxc4 25. Bc2 Bc6 26. Be4 Bxe4
27. Qxe4 Qc6 28. Rfe1 g6 29. fxe6 fxe6 30. Kg3 Rf8 31. Qe3 Rc7 32. Rf1 Rcf7 33.
Rxf7 Rxf7 34. Rd1 h5 35. d5 exd5 36. Qd4 Rd7 37. Rf1 Rf7 38. Rd1 Rd7 1/2-1/2

[Event "Open Vysočina 2017"]
[Site "Třebíč"]
[Date "2017.09.24"]
[Round "2"]
[White "Ruzicka, Vaclav"]
[Black "Dhruv, Easwar"]
[Result "0-1"]
[WhiteElo "1528"]
[BlackElo "1781"]
[PlyCount "88"]
[EventDate "2017.09.23"]

1. d4 Nf6 2. c4 g6 3. Nf3 d5 4. e3 Bg7 5. Nc3 O-O 6. Rb1 c6 7. cxd5 Nxd5 8. Be2
Qa5 9. Qd2 Nxc3 10. bxc3 Nd7 11. O-O Rd8 12. c4 Qxd2 13. Bxd2 e5 14. Bc3 exd4
15. Bxd4 Bxd4 16. exd4 Nb6 17. h3 Bf5 18. Rbc1 Re8 19. Rfe1 Re7 20. g4 Be6 21.
Bd3 Rae8 22. Kf1 h5 23. Ne5 hxg4 24. hxg4 Nd7 25. Nxd7 Rxd7 26. Re4 Red8 27. f3
Rxd4 28. Rxd4 Rxd4 29. Ke2 Kg7 30. Ke3 c5 31. a3 Kf6 32. Be2 Ke5 33. Bd3 f5 34.
gxf5 gxf5 35. Rc3 f4+ 36. Kf2 Rd7 37. Rb3 Kd4 38. Be4 b6 39. Bd5 Bxd5 40. cxd5
Rxd5 41. a4 c4 42. Rb1 c3 43. Rb4+ Kd3 44. Ke1 c2 0-1

[Event "Open Vysočina 2017"]
[Site "Třebíč"]
[Date "2017.09.24"]
[Round "2"]
[White "Zacharias, Miroslav"]
[Black "Reimer, Karl"]
[Result "0-1"]
[WhiteElo "1777"]
[BlackElo "1537"]
[PlyCount "90"]
[EventDate "2017.09.23"]

1. e4 c5 2. d4 cxd4 3. c3 Nc6 4. cxd4 d6 5. Nc3 Nf6 6. h3 g6 7. Nf3 Bg7 8. Be2
e6 9. O-O a6 10. Be3 O-O 11. Rc1 Bd7 12. a3 h6 13. Qd2 Kh7 14. Bf4 Qe7 15. Rfd1
Ng8 16. Kh1 Rad8 17. b4 Na7 18. Qe3 Nc8 19. Rc2 Bc6 20. Rdc1 f5 21. e5 d5 22.
h4 Qe8 23. Nd2 Nce7 24. Nb3 b6 25. Bxa6 Ra8 26. b5 h5 27. Qe2 Bd7 28. Na4 Rxa6
29. bxa6 Bxa4 30. Rc3 Bb5 31. Qb2 Bc4 32. Nd2 b5 33. Nxc4 dxc4 34. R3c2 Nd5 35.
Bg5 Qc6 36. a4 bxa4 37. Rxc4 Qb6 38. Qxb6 Nxb6 39. Rb4 Nd5 40. Rxa4 Ra8 41. a7
Bf8 42. Rc6 Be7 43. Bxe7 Ngxe7 44. Rxe6 Kg7 45. g3 Kf7 0-1

[Event "Open Vysočina 2017"]
[Site "Třebíč"]
[Date "2017.09.24"]
[Round "2"]
[White "Sebek, Pavel"]
[Black "Stork, Rostislav"]
[Result "0-1"]
[WhiteElo "1487"]
[BlackElo "1764"]
[PlyCount "44"]
[EventDate "2017.09.23"]

1. e4 e5 2. c3 Nf6 3. d3 d5 4. exd5 Qxd5 5. Nf3 Nc6 6. Nbd2 Bf5 7. Qb3 O-O-O 8.
d4 exd4 9. Bc4 Re8+ 10. Kf1 Qa5 11. Bxf7 Bd3+ 12. Kg1 Bc5 13. Be6+ Kb8 14. Nc4
Qa6 15. Nce5 Nxe5 16. Nxe5 Rxe6 17. Nxd3 Qxd3 18. Bf4 Rhe8 19. h3 Ne4 20. Rd1
Qe2 21. Rf1 dxc3 22. bxc3 Nxf2 0-1

[Event "Open Vysočina 2017"]
[Site "Třebíč"]
[Date "2017.09.24"]
[Round "2"]
[White "Svoboda, Frantisek"]
[Black "Rychtecky, Pavel"]
[Result "1-0"]
[WhiteElo "1725"]
[BlackElo "1527"]
[PlyCount "69"]
[EventDate "2017.09.23"]

1. c4 c5 2. Nc3 Nc6 3. d3 e6 4. e4 d6 5. f4 Nf6 6. Nf3 a6 7. g3 g6 8. Bg2 Bg7
9. O-O O-O 10. a3 Qc7 11. Kh1 Rb8 12. Rb1 b5 13. b3 b4 14. Ne2 Bb7 15. a4 Rbd8
16. Be3 Ng4 17. Bg1 Qe7 18. h3 Nh6 19. g4 f5 20. g5 Nf7 21. Qc2 h6 22. h4 h5
23. exf5 exf5 24. Rbe1 Qd7 25. d4 cxd4 26. Nfxd4 Rfe8 27. Qd2 Nxd4 28. Nxd4
Bxg2+ 29. Qxg2 Re4 30. Rxe4 fxe4 31. f5 gxf5 32. Nxf5 Qe6 33. g6 Ne5 34. Qg5
Nxg6 35. Qxd8+ 1-0

[Event "Open Vysočina 2017"]
[Site "Třebíč"]
[Date "2017.09.24"]
[Round "2"]
[White "Micka, Josef"]
[Black "Michalek, Miroslav"]
[Result "1/2-1/2"]
[WhiteElo "1345"]
[BlackElo "1720"]
[PlyCount "42"]
[EventDate "2017.09.23"]

1. Nf3 {[%emt 0:00:00]} d5 2. c4 c6 3. b3 Nf6 4. Bb2 Bf5 5. g3 Nbd7 6. Bg2 e6
7. d3 Bd6 8. Nbd2 O-O 9. Nh4 Bg6 10. Nxg6 hxg6 11. O-O Qc7 12. f4 Ng4 13. Rf3
Qb6+ 14. d4 c5 15. Nf1 cxd4 16. Bxd4 Bc5 17. Rd3 dxc4 18. bxc4 Bxd4+ 19. Rxd4
e5 20. fxe5 Ndxe5 21. Rb1 Qe6 1/2-1/2

[Event "Open Vysočina 2017"]
[Site "Třebíč"]
[Date "2017.09.24"]
[Round "2"]
[White "Navratilova, Alena"]
[Black "Zeleny, Ondrej"]
[Result "0-1"]
[WhiteElo "1692"]
[BlackElo "1356"]
[PlyCount "104"]
[EventDate "2017.09.23"]

1. Nf3 Nf6 2. d4 g6 3. g3 Bg7 4. Bg2 d5 5. O-O O-O 6. Nbd2 Bf5 7. Ne5 Nbd7 8.
Ndf3 Nxe5 9. Nxe5 Ng4 10. Nxg4 Bxg4 11. c3 c6 12. Re1 e5 13. dxe5 Bxe5 14. Bh6
Re8 15. Qd2 Bf6 16. Be3 Qe7 17. Bf3 Bxf3 18. exf3 Qd7 19. Bd4 Be7 20. Rad1 Qf5
21. Kg2 Qg5 22. Qxg5 Bxg5 23. f4 Be7 24. Kf1 Bd6 25. Be3 Re6 26. Bd4 Rae8 27.
Rxe6 fxe6 28. h4 b5 29. Ra1 a5 30. a4 c5 31. Be5 Bxe5 32. fxe5 b4 33. cxb4 axb4
34. a5 Ra8 35. Ke2 Ra7 36. Kd3 Kg7 37. b3 Kh6 38. f4 Kh5 39. Ke3 Kg4 40. Kf2 c4
41. bxc4 dxc4 42. Ra4 b3 43. Rxc4 Rxa5 44. Rb4 Ra2+ 45. Ke3 b2 46. Rb3 Ra3 47.
Rxa3 b1=Q 48. Rd3 Qe1+ 49. Kd4 Qb4+ 50. Ke3 Kxg3 51. Rd4 Qxd4+ 52. Kxd4 Kxf4
0-1

[Event "Open Vysočina 2017"]
[Site "Třebíč"]
[Date "2017.09.24"]
[Round "2"]
[White "Keerthana, Easwar"]
[Black "Zeleny, Tomas"]
[Result "0-1"]
[WhiteElo "1159"]
[BlackElo "1688"]
[PlyCount "92"]
[EventDate "2017.09.23"]

1. e4 c5 2. c3 e6 3. d4 d5 4. exd5 exd5 5. Nf3 Nf6 6. Be2 Be7 7. O-O O-O 8. Bg5
Qb6 9. Qc2 Bg4 10. Nbd2 Re8 11. dxc5 Qxc5 12. Nb3 Qc7 13. Rad1 Nbd7 14. Nbd4 h6
15. Bxf6 Nxf6 16. h3 Bd7 17. Rfe1 a6 18. Bd3 Bc5 19. Nf5 Rad8 20. b4 Ba7 21.
Ne7+ Kf8 22. Nf5 Bb8 23. Qd2 Ne4 24. Bxe4 dxe4 25. Nd6 exf3 26. gxf3 Rxe1+ 27.
Rxe1 Qxd6 28. Qxd6+ Bxd6 29. Rd1 Be6 30. Kg2 Bc7 31. Rxd8+ Bxd8 32. Kg3 Bd5 33.
a3 Bf6 34. Kf4 Ke7 35. Ke3 Bxc3 36. Kf4 b5 37. Ke3 Bb2 38. Ke2 Bxa3 39. Kd3
Bxb4 40. Kd4 Bc4 41. Ke5 a5 42. Kd4 a4 43. Ke3 a3 44. Ke4 a2 45. Kd4 a1=Q+ 46.
Ke3 Qe5# 0-1

[Event "Open Vysočina 2017"]
[Site "Třebíč"]
[Date "2017.09.24"]
[Round "2"]
[White "Privoznik, Lubos"]
[Black "Zelena, Irena"]
[Result "1-0"]
[WhiteElo "1658"]
[BlackElo "1164"]
[PlyCount "43"]
[EventDate "2017.09.23"]

1. e4 {[%emt 0:00:00]} d5 2. exd5 Qxd5 3. Nc3 Qe6+ 4. Be2 b6 5. Nf3 Qg6 6. O-O
Bb7 7. d4 Nd7 8. Bf4 O-O-O 9. Qc1 e6 10. Nb5 e5 11. dxe5 Re8 12. Nh4 Qe4 13.
Re1 Nxe5 14. Bg4+ Nxg4 15. Rxe4 Rxe4 16. Nf5 Re2 17. Bg3 Bc5 18. Nbd4 Re4 19.
c3 h5 20. b4 Bxd4 21. cxd4 h4 22. Qxc7# 1-0

[Event "Open Vysočina 2017"]
[Site "Třebíč"]
[Date "2017.09.25"]
[Round "3"]
[White "Walek, Petr"]
[Black "Certek, Pavel"]
[Result "1/2-1/2"]
[WhiteElo "2167"]
[BlackElo "2277"]
[PlyCount "136"]
[EventDate "2017.09.23"]

1. e4 c5 2. Nf3 Nc6 3. d4 cxd4 4. Nxd4 g6 5. Nc3 Bg7 6. Be3 Nf6 7. Bc4 d6 8. f3
Qb6 9. Bb5 Qc7 10. Nd5 Nxd5 11. exd5 a6 12. Nxc6 axb5 13. Bd4 bxc6 14. Bxg7 Rg8
15. Bc3 cxd5 16. Qxd5 Qb7 17. Qd2 Be6 18. a3 Qd5 19. Qh6 Qh5 20. Qd2 Qh4+ 21.
g3 Qc4 22. O-O-O h5 23. Rhe1 Kd7 24. Re4 Qc6 25. Qe3 Rac8 26. Rd2 Qc5 27. Red4
Ke8 28. h4 g5 29. Qf2 gxh4 30. Rxh4 Qg5 31. Kd1 Qxg3 32. Rxh5 Bc4 33. Qxg3 Rxg3
34. Rf2 Kd7 35. Kd2 e5 36. Bb4 Be6 37. b3 Rcg8 38. a4 bxa4 39. bxa4 Bd5 40. f4
R8g4 41. Rh6 Rg6 42. Rxg6 Rxg6 43. Bc3 f6 44. a5 Rg8 45. fxe5 fxe5 46. Bb4 Ke6
47. Rh2 Be4 48. c4 Bg6 49. Kc3 Rc8 50. Rh6 Rg8 51. a6 d5 52. a7 d4+ 53. Kd2 Kf5
54. Bd6 Bf7 55. Bb8 Rg2+ 56. Kd3 Ra2 57. Rh4 Ra3+ 58. Kc2 Bxc4 59. Kb2 Rb3+ 60.
Kc1 Rc3+ 61. Kd2 Rd3+ 62. Kc2 Ra3 63. Kb2 Ra6 64. Rh5+ Ke4 65. Rxe5+ Kd3 66.
Rh5 Bf7 67. Rh3+ Kc4 68. Ra3 Rxa3 1/2-1/2

[Event "Open Vysočina 2017"]
[Site "Třebíč"]
[Date "2017.09.25"]
[Round "3"]
[White "Bick, Gabriel J"]
[Black "Tesar, Jan"]
[Result "1-0"]
[WhiteElo "2264"]
[BlackElo "2118"]
[PlyCount "43"]
[EventDate "2017.09.23"]

1. e4 {[%emt 0:00:00]} c5 2. Nf3 a6 3. c3 d6 4. d4 Nf6 5. Bd3 g6 6. O-O Bg7 7.
Be3 cxd4 8. cxd4 O-O 9. Nc3 b5 10. Rc1 Bb7 11. Qb3 Nc6 12. d5 Na5 13. Qb4 Rc8
14. b3 Rxc3 15. Rxc3 Bxd5 16. Rfc1 Be6 17. Nd4 Ng4 18. Rc7 Bc4 19. Qxa5 Nxe3
20. Nc6 Qa8 21. bxc4 bxc4 22. Be2 1-0

[Event "Open Vysočina 2017"]
[Site "Třebíč"]
[Date "2017.09.25"]
[Round "3"]
[White "Lampir, Tomas"]
[Black "Pribyl, Josef"]
[Result "0-1"]
[WhiteElo "2077"]
[BlackElo "2263"]
[PlyCount "148"]
[EventDate "2017.09.23"]

1. e4 c6 2. d4 d5 3. Nc3 g6 4. Nf3 Bg7 5. Be2 Bg4 6. Be3 e6 7. Qd2 Nd7 8. h3
Bxf3 9. Bxf3 Ne7 10. O-O-O Qa5 11. Kb1 Nb6 12. Be2 dxe4 13. Nxe4 Qxd2 14. Rxd2
Nf5 15. g4 Nxe3 16. fxe3 Ke7 17. c4 Rhd8 18. Rhd1 Rd7 19. Nc5 Rc7 20. b3 Rd8
21. Ne4 f5 22. Ng3 Rcd7 23. Kc2 Rf8 24. Rf1 Rdd8 25. Rd3 Nd7 26. Bd1 c5 27. Bf3
b6 28. gxf5 gxf5 29. Nh5 Bh6 30. Nf4 cxd4 31. Rxd4 Ne5 32. Be2 Nc6 33. Rxd8
Rxd8 34. a3 Rg8 35. b4 Rg3 36. Kd2 Bxf4 37. Rxf4 Rxh3 38. c5 bxc5 39. bxc5 Rh2
40. Kd1 Rh1+ 41. Kd2 Kd7 42. Bb5 Kc7 43. Ra4 a5 44. Bxc6 Kxc6 45. Rxa5 e5 46.
Ra6+ Kxc5 47. Rf6 Rh2+ 48. Kc3 Rf2 49. Rh6 Kd5 50. Rh4 Re2 51. Kd3 Ra2 52. Rxh7
Rxa3+ 53. Ke2 Ra2+ 54. Kf3 e4+ 55. Kg3 Re2 56. Kf4 Rf2+ 57. Kg5 Ke6 58. Ra7
Rg2+ 59. Kh4 Rg1 60. Ra6+ Kd5 61. Ra5+ Kc4 62. Ra3 Kb4 63. Ra8 Kc3 64. Rd8 Kc2
65. Rd5 Kc3 66. Rd6 f4 67. exf4 e3 68. f5 e2 69. Re6 e1=Q+ 70. Rxe1 Rxe1 71. f6
Rf1 72. Kg5 Kd4 73. Kg6 Ke5 74. f7 Ke6 0-1

[Event "Open Vysočina 2017"]
[Site "Třebíč"]
[Date "2017.09.25"]
[Round "3"]
[White "Kalveus, Jan"]
[Black "Bartos, Jan"]
[Result "0-1"]
[WhiteElo "1867"]
[BlackElo "2209"]
[PlyCount "52"]
[EventDate "2017.09.23"]

1. d4 g6 2. Nf3 Bg7 3. g3 c5 4. c3 cxd4 5. cxd4 Nf6 6. Nc3 d5 7. Bg2 O-O 8. O-O
Ne4 9. Qb3 Nxc3 10. Qxc3 Nc6 11. Bf4 Bg4 12. Rfd1 Rc8 13. Qe3 Qb6 14. Ne5 Nxe5
15. Bxe5 f6 16. Bf4 g5 17. Qxe7 gxf4 18. Bxd5+ Kh8 19. f3 Bf5 20. Qxb7 Qxb7 21.
Bxb7 Rb8 22. Ba6 Rxb2 23. gxf4 Bh6 24. Bc4 Bxf4 25. Kh1 Rc8 26. Ba6 Rc6 0-1

[Event "Open Vysočina 2017"]
[Site "Třebíč"]
[Date "2017.09.25"]
[Round "3"]
[White "Plischki, Sebastian"]
[Black "Brasoy, Aksel"]
[Result "1-0"]
[WhiteElo "2397"]
[BlackElo "1964"]
[PlyCount "49"]
[EventDate "2017.09.23"]

1. Nf3 {[%emt 0:00:00]} Nf6 2. c4 c5 3. Nc3 e6 4. g3 b6 5. Bg2 Bb7 6. O-O d6 7.
d4 cxd4 8. Qxd4 Be7 9. Bg5 h6 10. Bxf6 Bxf6 11. Qf4 Be7 12. Rfd1 Nd7 13. Nb5 e5
14. Qd2 e4 15. Ne1 Ne5 16. b3 a5 17. Nxd6+ Bxd6 18. Qxd6 Qxd6 19. Rxd6 Ra6 20.
Rad1 O-O 21. Nc2 Rc8 22. Rd8+ Rxd8 23. Rxd8+ Kh7 24. Rb8 Bc6 25. Nd4 1-0

[Event "Open Vysočina 2017"]
[Site "Třebíč"]
[Date "2017.09.25"]
[Round "3"]
[White "Piankov, Evgenij"]
[Black "Vincze, Roman"]
[Result "1/2-1/2"]
[WhiteElo "2258"]
[BlackElo "2099"]
[PlyCount "76"]
[EventDate "2017.09.23"]

1. d4 {[%emt 0:00:00]} d5 2. Bg5 h6 3. Bh4 Bf5 4. e3 c6 5. Bd3 Bxd3 6. Qxd3 Qb6
7. b3 Nd7 8. f4 e5 9. Qd2 exd4 10. exd4 Ngf6 11. Nf3 Be7 12. Bxf6 Nxf6 13. O-O
O-O 14. Qd3 Rfe8 15. Nbd2 Bd6 16. g3 Ne4 17. a3 Nxd2 18. Qxd2 Re4 19. Rfe1 Rae8
20. b4 Qa6 21. Kf2 Qc4 22. c3 a5 23. bxa5 Qa6 24. Rab1 Qxa5 25. Rxb7 Rxe1 26.
Nxe1 Qxa3 27. Rb1 c5 28. Qb2 Ra8 29. Nc2 Qa6 30. Ra1 Qc8 31. Rxa8 Qxa8 32. Ne3
cxd4 33. cxd4 Qa5 34. Kf3 Qe1 35. h4 h5 36. Qc2 Qh1+ 37. Qg2 Qa1 38. Qd2 Qh1+
1/2-1/2

[Event "Open Vysočina 2017"]
[Site "Třebíč"]
[Date "2017.09.25"]
[Round "3"]
[White "Leutwyler, Mathias"]
[Black "Aird, Ian"]
[Result "1-0"]
[WhiteElo "2103"]
[BlackElo "1809"]
[PlyCount "91"]
[EventDate "2017.09.23"]

1. d4 Nf6 2. Bf4 g6 3. Nc3 d6 4. e4 Bg7 5. Qd2 a6 6. O-O-O b5 7. f3 Nc6 8. Bh6
Bxh6 9. Qxh6 e5 10. Nce2 Qe7 11. Qd2 exd4 12. Nxd4 Nxd4 13. Qxd4 Qe5 14. Ne2
Bb7 15. g3 O-O 16. Bg2 Rfe8 17. Rhe1 Qxd4 18. Nxd4 d5 19. e5 Nd7 20. f4 Nc5 21.
Nb3 Nxb3+ 22. axb3 c6 23. Kd2 Re7 24. Re3 c5 25. Kc1 d4 26. Bxb7 Rxb7 27. Red3
Kf8 28. b4 cxb4 29. Rxd4 b3 30. cxb3 Rc8+ 31. Kb1 Ke7 32. Rc1 Rxc1+ 33. Kxc1 f6
34. exf6+ Kxf6 35. Rd6+ Kf5 36. Rxa6 g5 37. fxg5 Kxg5 38. Rd6 h5 39. h4+ Kg4
40. Rg6+ Kf3 41. Rg5 b4 42. Rxh5 Kxg3 43. Kd2 Rf7 44. Kd3 Rf4 45. Rh8 Kg4 46.
Re8 1-0

[Event "Open Vysočina 2017"]
[Site "Třebíč"]
[Date "2017.09.25"]
[Round "3"]
[White "Heppell, Ian N"]
[Black "Dhruv, Easwar"]
[Result "1/2-1/2"]
[WhiteElo "2034"]
[BlackElo "1781"]
[PlyCount "38"]
[EventDate "2017.09.23"]

1. e4 {[%emt 0:00:00]} e5 2. Nf3 Nc6 3. c3 Nf6 4. d4 exd4 5. e5 Nd5 6. Qb3 Nb6
7. cxd4 d5 8. Nc3 Be7 9. Be2 O-O 10. O-O Be6 11. Be3 Rb8 12. Nd2 Nxe5 13. Bf4
Nc6 14. Nb5 Rc8 15. Nf3 a6 16. Nxc7 Rxc7 17. Qxb6 Rd7 18. Qb3 Bf6 19. Rfd1 Qe7
1/2-1/2